Médecine Mots en pyramide - Statistiques

Statistiques générales
  • Ce quiz a été pris 395 fois
  • Le résultat moyen est 12 sur 51
Statistiques - réponses
Hint Réponse % Correct
4 Mot enfantin NA
50%
6 Dieu antique RA
48%
2 Venue au monde NEE
47%
5 01 AIN
46%
6 Score idéal PAR
46%
3 Assassiner TUER
46%
3 Coordination ET
44%
5 Coordination NI
40%
2 Préposition EN
36%
4 Equidé ANE
35%
7 Frère d'Abel CAIN
34%
1 Voie RUE
34%
6 Capitale PARIS
31%
Portrait à (...) pour avoir mis au point {Paris}
31%
3 Troisième TER
30%
3 Sans artifice NATURE
27%
1 Ville de Normandie EU
26%
4 Goliath GEANT
25%
4 Habitant céleste ANGE
23%
7 Il confère une protection VACCIN
23%
Portrait le (...) contre une encéphalite virale. {vaccin}
23%
5 Sait CONNAIT
22%
3 Travaille le cuir TANNEUR
22%
Portrait devenu {tanneur}.
22%
6 Homologue PAIR
21%
Je suis ... {Louis} {Pasteur}
20%
4 Se meuvent dans l'eau NAGENT
20%
7 Centrale américaine CIA
19%
3 Différent AUTRE
18%
7 Adverbe CI
18%
4 Elévations MONTAGNES
18%
Portrait Né dans les (...) jurassiennes {montagnes}
18%
2 Sous-officier SERGENT
18%
Portrait mais d'un ancien {sergent}
18%
2 Administrent GERENT
16%
1 Publiée PARUE
16%
1 Berger PASTEUR
16%
Portrait Je ne suis pas fils de {pasteur}
16%
2 Courroie RENE
16%
5 Dans le vin TANIN
15%
2 Catégorie GENRE
14%
7 Bat VAINC
13%
5 Eprouver CONNAITRE
10%
Portrait je vais (...) la notoriété {connaître}
10%
5 Plat en terre cuite TIAN
6%
1 Bec de gaz AUER
5%
5 Communauté NATION
4%
1 Se reposer PAUSER
4%
5 Fait bouger ACTIONNE
3%
4 Unité de physique MAGNETON
1%
4 Capacité TONNAGE
1%
Aucun quiz correspondant
Distribution des résultats
% des personnes avec chaque résultat
Percentile par nombre de réponses
Votre historique - résultats
Vous n’avez pas pris ce quiz